| 000 | 01555nam a22003497a 4500 | ||
|---|---|---|---|
| 003 | OSt | ||
| 005 | 20220531084010.0 | ||
| 008 | 210324b 2017 dr 00| 0 eng d | ||
| 040 | 4 |
_aDO-SdBNP _bspa _cBNPHU |
|
| 082 | 4 |
_a343.0977293 _bI59a, 2008-2017 _222 |
|
| 110 | 1 |
_aInstituto Dominicano de Aviación Civil _978673 |
|
| 245 | 0 | 1 |
_bavances y consolidación / _aAcuerdos interinstitucionales de la aviación civil de la República Dominicana : |
| 260 | 2 |
_aSanto Domingo : _bInstituto Dominicano de Aviación Civil (IDAC), _c2017. |
|
| 300 | 2 |
_a371 p. ; _bil, : fot. _c29 cm. |
|
| 500 | _aIncluye índice temático | ||
| 505 | _aPresentación | ||
| 505 | _aIntroducción | ||
| 505 | 1 | _aAcuerdos interinstitucionales . IDAC - Año 2008 -- | |
| 505 | 1 | _aAcuerdos interinstitucionales . IDAC - Año 2009 -- | |
| 505 | 1 | _aAcuerdos interinstitucionales . IDAC - Año 2010 -- | |
| 505 | 1 | _aAcuerdos interinstitucionales . IDAC - Año 2011 -- | |
| 505 | 1 | _aAcuerdos interinstitucionales . IDAC - Año 2012 -- | |
| 505 | 1 | _aAcuerdos interinstitucionales . IDAC - Año 2013 -- | |
| 505 | 1 | _aAcuerdos interinstitucionales . IDAC - Año 2014 -- | |
| 505 | 1 | _aAcuerdos interinstitucionales . IDAC - Año 2015 -- | |
| 505 | 1 | _aAcuerdos interinstitucionales . IDAC - Año 2016 -- | |
| 505 | 1 | _aAcuerdos interinstitucionales . IDAC - Año 2017 -- | |
| 590 | _aInventariado, 2021 / SA. | ||
| 650 | 4 |
_aAviación comercial _978655 _zRepública Dominicana _xLegislación _y2008-2017 |
|
| 910 | _aSaquino/Validado. Control de calidad MFF | ||
| 942 |
_2ddc _cLBS1 |
||
| 999 |
_c49674 _d49674 |
||